| 000 | 00349nam a2200109Ia 4500 | ||
|---|---|---|---|
| 008 | 240129s9999 xx 000 0 und d | ||
| 100 | _aSHEIKH, RASHID | ||
| 245 | 0 | _aDESIGN OF SECURE MULTIPARTY COMPUTATION PROTOCOLS FOR PRESERVING PRIVACY | |
| 260 |
_bMEWAR UNIVERSITY, CHITTORGARH _c2021 |
||
| 650 | _aComputer Science & Engineering | ||
| 942 | _cTHE | ||
| 999 |
_c218943 _d218943 |
||